书目信息 |
| 题名: |
古典戏剧基本解读
|
|
| 作者: | ;北京师联教育科学研究所 编 | |
| 分册: | 4 救风尘·看钱奴·风筝误 | |
| 出版信息: | 北京 人民武警出版社 2002 |
|
| 页数: | 342页 | |
| 开本: | 20cm | |
| 丛书名: | 图书馆古典文学基本典藏 | |
| 单 册: | ||
| 中图分类: | I237 | |
| 科图分类: | ||
| 主题词: | 古代戏曲--剧本--中国--选集 , 古代戏曲--喜剧--剧本--中国--选集 | |
| 电子资源: | ||
| ISBN: | 7-80176-022-0 | |
| 000 | 01088oam2 2200265 450 | |
| 001 | 1562982557 | |
| 005 | 20150124185927.81 | |
| 010 | @a7-80176-022-0@dCNY21.30 | |
| 100 | @a20021219d2002----em-y0chiy0110----ea | |
| 101 | 0 | @achi |
| 102 | @aCN@b110000 | |
| 105 | @aa---z---000bd | |
| 200 | 1 | @a古典戏剧基本解读@Agu dian xi ju ji ben jie du@9( pei tu ) gu dian xi ju ji ben jie du@h4@h二@i救风尘·看钱奴·风筝误@f北京师联教育科学研究所编 |
| 210 | @a北京@c人民武警出版社@d2002 | |
| 215 | @a342页@c插图@d20cm | |
| 225 | 2 | @a图书馆古典文学基本典藏@e古典文学基本解读 |
| 330 | @a本书选解中国古代喜剧《救风尘》、《看钱奴》、《风筝误》,每剧内容有剧情简介、剧作者小传、戏剧原文、白话故事。 | |
| 461 | 0 | @12001 @a图书馆古典文学基本典藏 |
| 512 | 1 | @a古典戏剧基本解读@e十大悲喜剧@h9@i中国古代十大喜剧@h二@9gu dian xi ju ji ben jie du |
| 606 | 0 | @a古代戏曲@x剧本@y中国@j选集 |
| 606 | 0 | @a古代戏曲@x喜剧@x剧本@y中国@j选集 |
| 690 | @aI237@v5 | |
| 711 | 02 | @a北京师联教育科学研究所@9bei jing shi lian jiao yu ke xue yan jiu suo@4编 |
| 801 | 0 | @aCN@bTSSF@c20150124 |
| 905 | @aZUCC@dI207@eJY243:4 | |
| 古典戏剧基本解读.4.二.救风尘·看钱奴·风筝误/北京师联教育科学研究所编.-北京:人民武警出版社,2002 |
| 342页:插图;20cm.-(图书馆古典文学基本典藏:古典文学基本解读) |
| ISBN 7-80176-022-0:CNY21.30 |
| 本书选解中国古代喜剧《救风尘》、《看钱奴》、《风筝误》,每剧内容有剧情简介、剧作者小传、戏剧原文、白话故事。 |
| ● |
| 相关链接 |
|
|
|
|
正题名:古典戏剧基本解读
索取号:I207/JY243:4
 
预约/预借
| 序号 | 登录号 | 条形码 | 馆藏地/架位号 | 状态 | 备注 |
| 1 | 7856613 | 278566133 | 学院路分馆/ [索取号:I207/JY243:4] | 在馆 | |
| 2 | 7856614 | 278566142 | 学院路分馆/ [索取号:I207/JY243:4] | 在馆 | |
| 3 | 7856615 | 278566151 | 学院路分馆/ [索取号:I207/JY243:4] | 在馆 |